Top 50 northernmost countries - Statistics

General Stats
  • This quiz has been taken 1,416 times
    1,345 since last reset
  • The average score is 43 of 50
Answer Stats
Rank Country % Correct
2 Canada
99%
3 Russia
99%
1 Denmark
98%
7 Sweden
98%
9 United Kingdom
98%
5 United States
98%
6 Finland
97%
4 Norway
97%
10 Estonia
94%
17 Poland
94%
23 France
93%
16 Germany
93%
8 Iceland
93%
11 Latvia
93%
12 Lithuania
93%
15 Ireland
91%
21 Mongolia
91%
19 Netherlands
91%
13 Belarus
90%
18 China
90%
38 Japan
90%
26 Slovakia
90%
42 Spain
90%
20 Ukraine
90%
22 Belgium
89%
24 Czech Republic
89%
31 Switzerland
89%
27 Austria
88%
33 Italy
88%
30 Romania
87%
34 Slovenia
87%
25 Luxembourg
86%
47 North Korea
86%
28 Hungary
85%
36 Serbia
85%
14 Kazakhstan
84%
35 Croatia
83%
39 Bosnia
80%
29 Moldova
80%
40 Bulgaria
79%
49 Andorra
78%
37 Uzbekistan
78%
32 Liechtenstein
76%
41 San Marino
76%
44 Georgia
73%
45 Montenegro
73%
48 Turkmenistan
71%
43 Monaco
70%
50 Albania
69%
46 Kyrgyzstan
64%
No matching quizzes found
Score Distribution
Percent of People with Each Score
Percentile by Number Answered
Your Score History
You have not taken this quiz since the last reset